| 000 | 00971nam a2200193Ii 4500 | ||
|---|---|---|---|
| 003 | JO-AjNU | ||
| 008 | 230605s9999||||xx |||||||||||||| ||und|| | ||
| 040 |
_aJO-AjNU _bara _erda _cJO-AjNU |
||
| 041 | _aara | ||
| 050 | 1 | 4 | _aQA76 2015 |
| 100 | 3 |
_aاعداد دعاء حسين محمد المومني، ميسون عوني عبدالله الجراح؛ اشراف محمد بني يونس, _eauthor _958329 |
|
| 245 | 0 | 0 | _aحوسبة نظام ادارة مخنبرات الحاسوب = Computerization of the computer Labs Management System |
| 264 | 3 | 1 | _aعجلون: جامعة عجلون الوطنيه، 2015 |
| 300 |
_a41ص _bمشروع تخرج جامعة عجلون الوطنيه ( عجلون ، الاردن) كلية تكنولوجيا المعلومات ، 2015 |
||
| 336 |
_atext _btxt _2rdacontent |
||
| 337 |
_aunmediated _bn _2rdamedia |
||
| 338 |
_avolume _bnc _2rdacarrier |
||
| 650 | 4 |
_aادارة مختبرات الحاسوب - نظام حوسبة _958330 |
|
| 999 |
_aA26188 _c29756 _d29756 |
||